000 00588nam a2200253Ia 4500
005 20260121153900.0
008 008 260114s9999 xx 000 0 eng d
020 _a9780429308444
037 _aEBOOK
040 _aCRL
040 _beng
040 _cCRL
041 _2eng
041 _aeng
084 _qCRL
100 _aKelvin W Willoughby
_91000302
245 0 _aTechnology Choice
260 _bTaylor and Francis
260 _c1990
856 _uhttp://www.taylorfrancis.com/books/9780429308444
942 _cEBOOK
999 _c1567123
_d1567123